000 02936 a2200433 4500
003 Nust
005 20170207165830.0
020 _a9781402069994
035 _a(EBZ)ebs404561e
035 _a(WaSeSS)ssj0000137164
035 _a(WaSeSS)ssj0000137164
035 _a(WaSeSS)ssj0000137164
040 _cNust
082 _a621.3822
100 1 _aLai, Ivan Chee-Hong.
245 1 0 _aDesign and Modeling of Millimeter-Wave CMOS Circuits for Wireless Transceivers (E-Book)
_h[electronic resource] :
_bEra of Sub-100nm Technology /
_cby Ivan Chee-Hong Lai, Minoru Fujishima.
260 _aDordrecht :
_bSpringer Science+Business Media B.V.,
_c2008.
300 _bv.: digital
505 _aPart 1: Background (Page-1),Part 2: Millimeter-Wave CMOS Passive Devices (Page-25),Part 3: Millimeter-Wave Active CMOS Circuits (Page-113
650 0 _aCircuits and Systems
650 0 _aElectronics
650 0 _aElectronics and Microelectronics, Instrumentation
650 0 _aEngineering
650 0 _aEngineering
650 0 _aMicrowaves
650 0 _aMicrowaves, RF and Optical Engineering
650 0 _aSystems engineering
700 1 _aFujishima, Minoru.
710 2 _aSpringerLink (Online service)
856 4 2 _uhttp://costello.pub.hb.se/login?url=http://link.springer.com/openurl?genre=book&isbn=978-1-4020-6998-7
856 4 2 _uhttp://dx.doi.org/10.1007/978-1-4020-6999-4
856 4 2 _uhttp://ezproxy.its.uu.se/login?url=http://link.springer.com/openurl?genre=book&isbn=978-1-4020-6998-7
856 4 2 _uhttp://link.sub.su.se/sfxsub?url_ver=Z39.88-2004&ctx_ver=Z39.88-2004&ctx_enc=info:ofi/enc:UTF-8&rfr_id=info:sid/sfxit.com:opac_856&url_ctx_fmt=info:ofi/fmt:kev:mtx:ctx&sfx.ignore_date_threshold=1&rft.object_id=1000000000408790&svc_val_fmt=info:ofi/fmt:kev:mtx:sch_svc&
856 4 2 _uhttp://proxy.lib.chalmers.se/login?url=http://link.springer.com/openurl?genre=book&isbn=978-1-4020-6998-7
856 4 2 _uhttp://proxy.lib.ltu.se/login?url=http://link.springer.com/openurl?genre=book&isbn=978-1-4020-6998-7
856 4 2 _uhttp://sfxeu05.hosted.exlibrisgroup.com/46LUB?url_ver=Z39.88-2004&ctx_ver=Z39.88-2004&ctx_enc=info:ofi/enc:UTF-8&rfr_id=info:sid/sfxit.com:opac_856&url_ctx_fmt=info:ofi/fmt:kev:mtx:ctx&sfx.ignore_date_threshold=1&rft.object_id=1000000000408790&svc_val_fmt=info:ofi/fmt:kev:mtx:sch_svc&
856 4 2 _uhttp://sfxeu10.hosted.exlibrisgroup.com/sfxkth?url_ver=Z39.88-2004&ctx_ver=Z39.88-2004&ctx_enc=info:ofi/enc:UTF-8&rfr_id=info:sid/sfxit.com:opac_856&url_ctx_fmt=info:ofi/fmt:kev:mtx:ctx&sfx.ignore_date_threshold=1&rft.object_id=1000000000408790&svc_val_fmt=info:ofi/fmt:kev:mtx:sch_svc&
856 4 2 _uhttp://sfxeu11.hosted.exlibrisgroup.com/mah?url_ver=Z39.88-2004&ctx_ver=Z39.88-2004&ctx_enc=info:ofi/enc:UTF-8&rfr_id=info:sid/sfxit.com:opac_856&url_ctx_fmt=info:ofi/fmt:kev:mtx:ctx&sfx.ignore_date_threshold=1&rft.object_id=1000000000408790&svc_val_fmt=info:ofi/fmt:kev:mtx:sch_svc&
942 _2ddc
_cBK
999 _c213258
_d213258